Jazz Musicians Instruments - Statistics

General Stats
  • This quiz has been taken 187 times
    99 since last reset
  • The average score is 21 of 41
Answer Stats
Hint Answer % Correct
Miles Davis Trumpet
100%
Louis Armstrong Trumpet
99%
Art Blakey Drums
85%
Thelonious Monk Piano
80%
Duke Ellington Piano
79%
Herbie Hancock Piano
76%
Chet Baker Trumpet
74%
Dizzy Gillespie Trumpet
74%
Charles Mingus Bass
73%
Dave Brubeck Piano
69%
Ella Fitzgerald Voice
68%
Charlie Parker Alto Saxophone
64%
Count Basie Piano
64%
Max Roach Drums
62%
Oscar Peterson Piano
62%
Winston Marsalis Trumpet
61%
John Coltrane Tenor Saxophone
58%
Wes Montgomery Guitar
52%
Sonny Rollins Tenor Saxophone
52%
Billie Holiday Voice
51%
Ornette Coleman Alto Saxophone
49%
Cannonball Adderley Alto Saxophone
49%
Stan Getz Tenor Saxophone
47%
Bud Powell Piano
42%
Dexter Gordon Tenor Saxophone
41%
Benny Goodman Clarinet
40%
Vince Guaraldi Piano
39%
Branford Marsalis Tenor Saxophone
39%
Paul Desmond Alto Saxophone
38%
Ron Carter Bass
38%
Lester Young Tenor Saxophone
38%
Glenn Miller Trombone
34%
Johnny Hodges Alto Saxophone
28%
Gene Ammons Tenor Saxophone
27%
Don Ellis Trumpet
26%
Mary Lou Williams Voice
26%
Nat Adderley Trumpet
22%
Delfeayo Marsalis Trombone
13%
Paquito De'Rivera Alto Saxophone
12%
Gerry Mulligan Bari Saxophone
9%
Eric Dolphy (Most famous instrument) Bass Clarinet
9%
No matching quizzes found
Score Distribution
Percent of People with Each Score
Percentile by Number Answered
Your Score History
You have not taken this quiz since the last reset